00967nam a22002417a 4500003000900000008004100009020001800050040007100068082002200139245020800161260003100369300008300400500003000483650001000513650002500523650002700548650002700575650001200602650001700614700003900631700002400670700003100694AR-CdUCM190321b ||||| |||| 00| 0 spa d a9786124777608 aMUNICIPALIDAD PROVINCIAL DEL CUSCOcBIBLIOTECA MUNICIPAL DEL CUSCO a641.250985/P2bP2 aEl pisco y su vigencia :bartículos, ensayos, poemas y fotografías sobre el pisco /c[Cesibell Sánchez, César Costa Aish, Guillermo Toro Lira Stahl ... et al. ; compilación, Cesibell Sánchez] aCusco :bEufonía,c2018. a269 paginas ;bil. (principalmente col., diagrs., facsíms., mapas) ;c22 cm. zIncluye bibliográficas. aPisco aIndustria y comercio aProducción y consumo aPisco en la literatura aLicores aFestividades aSánchez, Cesibell ecompiladora aCosta Aish, César aToro Lira Stahl, Guillermo